00262 a2200133 4500001000700000020000600007040001100013100002000024240003000044245002500074300000700099362000900106440001300115191366 a  cMagnum aGuinho, Antonio10aMinhocas na cabeçalpor10aMinhocas na cabeça a360 a1997 1aBagaço